| 000 | 02412nam a2200637 i 4500 | ||
|---|---|---|---|
| 001 | 991053166532105066 | ||
| 003 | NyNyJPI | ||
| 005 | 20260410164317.0 | ||
| 008 | 251209s2025 pl co |001 0 pol c | ||
| 009 | b1000007552026 | ||
| 015 | _aUWD 2026/2654 | ||
| 020 |
_a9788381969925 _q(oprawa miękka) |
||
| 020 |
_z9788381969864 _q(całość) : _czł 219 |
||
| 035 | _a(PL)b1000007552026 | ||
| 035 | _a(EXLNZ-48OMNIS_NETWORK)9915231864005606 | ||
| 040 |
_aGD U _cGD U _dGD U _dWA U _dPOZN M _dŁ M _dWA N _dGD U _dKR U _dWA N _dKR U _dLUBL U |
||
| 045 | 2 |
_bd1854 _bd1939 |
|
| 046 | _k2025 | ||
| 080 |
_81.1\x _a94(73)"18" |
||
| 080 |
_81.2\x _a94(73)"19" |
||
| 080 |
_81.3\x _a314.15-026.49(=162.1) |
||
| 084 | _a01 | ||
| 100 | 1 |
_aWalaszek, Adam _d(1951- ) _eAutor |
|
| 245 | 1 | 0 |
_aChleb i nadzieja : _bPolonia amerykańska do 1939 roku / _cAdam Walaszek. |
| 246 | 3 | 0 | _aPolonia amerykańska do 1939 roku |
| 250 | _aWydanie pierwsze. | ||
| 260 |
_aWarszawa : _bPaństwowy Instytut Wydawniczy, _c2025. |
||
| 300 |
_a519 stron : _bfotografie, portrety ; _c24 cm. |
||
| 336 |
_aTekst _btxt _2rdacontent |
||
| 337 |
_aBez urządzenia pośredniczącego _bn _2rdamedia |
||
| 338 |
_aWolumin _bnc _2rdacarrier |
||
| 380 | _aKsiążki | ||
| 380 | _aPublikacje naukowe | ||
| 388 | 1 | _a2001- | |
| 500 | _aWydane w etui w komplecie z: Polonia amerykańska o sobie : źródła do historii 1608-2022 / pod redakcją Anny Jaroszyńskiej-Kirchmann i Jamesa S. Puli oraz Fale i pokolenia : Polonia amerykańska po 1939 roku / Joanna Wojdon. | ||
| 504 | _aBibliografia na stronach 440-492. Indeks. | ||
| 530 | _aKsiążka dostępna jako e-book. | ||
| 536 | _aWspółfinansowanie: Narodowe Centrum Nauki, Ministerstwo Kultury i Dziedzictwa Narodowego (Polska) | ||
| 648 | 7 |
_a1801-1900 _2DBN |
|
| 648 | 7 |
_a1901-2000 _2DBN |
|
| 648 | 7 |
_a1901-1914 _2DBN |
|
| 648 | 7 |
_a1914-1918 _2DBN |
|
| 648 | 7 |
_a1918-1939 _2DBN |
|
| 650 | 7 |
_aObyczaje i zwyczaje _2DBN |
|
| 650 | 7 |
_aPolacy za granicą _2DBN |
|
| 650 | 7 |
_aStosunki etniczne _2DBN |
|
| 650 | 7 |
_aTożsamość narodowa _2DBN |
|
| 650 | 0 |
_aPolish Americans _xHistory |
|
| 650 | 0 |
_aPolish Americans _xSocial life and customs. |
|
| 650 | 0 |
_aPolish Americans _xEthnic identity. |
|
| 651 | 7 |
_aStany Zjednoczone (USA) _2DBN |
|
| 655 | 7 |
_aMonografia _2DBN |
|
| 658 | _aHistoria | ||
| 710 | 2 |
_aPaństwowy Instytut Wydawniczy _eWydawca _4pbl |
|
| 942 |
_2z _cBK _n0 |
||
| 999 |
_c91090 _d91090 |
||